| 000 | 00436nam a2200157Ia 4500 | ||
|---|---|---|---|
| 008 | 230917s9999||||xx |||||||||||||| ||und|| | ||
| 040 |
_e178014 _aMAIN |
||
| 041 | _aEnglish | ||
| 082 | _a346.03 P645L | ||
| 100 | _aPillai, P.S.Atchuthen | ||
| 245 | 0 | _aLaw of tort with law of statutory compensation and consumer protection | |
| 250 | _a9th ed. | ||
| 260 |
_aLucknow _bEastern Book Co. _c2010 |
||
| 300 | _alii, 703 p. | ||
| 942 | _cBK | ||
| 999 |
_c156816 _d156816 |
||